Slovenská a španielska odborná slovná zásoba z oblasti manažmentu poľnohospodárskych podnikov
V príspevku sa autorka zameriava na niektoré aspekty odborného jazyka, konkrétne na odbornú slovnú zásobu, a približuje myšlienku vytvoriť španielsko-slovenský slovník z danej oblasti, ktorý bude prínosom nielen pre študentov Fakulty ekonomiky a manažmentu SPU v Nitre, ale aj pre širokú odbornú vere...
Salvato in:
| Autore principale: | |
|---|---|
| Natura: | Capitolo di libro |
| Lingua: | slovacco |
| Soggetti: | |
| Tags: |
Nessun Tag, puoi essere il primo ad aggiungerne!!
|
MARC
| LEADER | 00000nla$a2200000$$$4500 | ||
|---|---|---|---|
| 001 | 0117005 | ||
| 005 | 20221207081733.6 | ||
| 041 | 0 | |a slo | |
| 044 | |a SK | ||
| 245 | 1 | 0 | |a Slovenská a španielska odborná slovná zásoba z oblasti manažmentu poľnohospodárskych podnikov |c Katarína Klimentová |
| 520 | |a V príspevku sa autorka zameriava na niektoré aspekty odborného jazyka, konkrétne na odbornú slovnú zásobu, a približuje myšlienku vytvoriť španielsko-slovenský slovník z danej oblasti, ktorý bude prínosom nielen pre študentov Fakulty ekonomiky a manažmentu SPU v Nitre, ale aj pre širokú odbornú verejnosť. | ||
| 610 | 2 | 0 | |a podnik poľnohospodársky |
| 610 | 2 | 0 | |a manažment |
| 610 | 2 | 0 | |a slovníky |
| 610 | 2 | 0 | |a slovenčina |
| 610 | 2 | 0 | |a španielčina |
| 100 | 1 | |a Klimentová, Katarína | |